El salvatge europeu / [comissariat: Roger Bartra i Pilar Pedraza] Roger Bartra i Pilar Pedraza]
ISBN:
84-7794-978-6
Publicado:
Barcelona :
Centre de Cultura Contemporània de Barcelona : Institut d'Edicions de la Diputació de Barcelona, cop. 2004
Descripción Física:
127 p. : il. principalment col. ; 24 cm
MARC
| LEADER | 00000nam a2200000Ia 4500 | ||
|---|---|---|---|
| 001 | 16605 | ||
| 008 | 160829s9999 xx 000 0 cat d | ||
| 020 | |a 84-7794-978-6 | ||
| 080 | |a M-5-51 | ||
| 245 | |a El salvatge europeu / [comissariat: |b Roger Bartra i Pilar Pedraza] | ||
| 260 | |a Barcelona : |b Centre de Cultura Contemporània de Barcelona : |b Institut d'Edicions de la Diputació de Barcelona, cop. 2004 | ||
| 300 | |a 127 p. : |b il. principalment col. ; |c 24 cm | ||
| 590 | |a Catàleg de l'exposició del mateix títol presentada al CCCB del 17 de febrer al 23 de maig del 2004. | ||
| 590 | |a Text en català i castellà | ||
| 650 | |a Home primitiu |x Exposicions |9 26953 | ||
| 650 | |a Antropologia |9 35565 | ||
| 650 | |a Mitologia grega en l'art I |9 26955 | ||
| 650 | |a Aculturació |9 26956 | ||
| 700 | |a Bartra, Roger |9 26957 | ||
| 700 | |a Pedraza, Pilar |9 26958 | ||
| 710 | 2 | |a Centre de Cultura Contemporània de Barcelona |9 52510 | |
| 710 | 1 | |a Barcelona (Catalunya : Província). |b Diputació |9 52408 | |
| 901 | |a Arxiu | ||
| 942 | |n 1 | ||
| 952 | |0 0 |1 0 |4 0 |6 M551 |7 1 |9 44219 |a Arxiu |b Arxiu |d 2016-12-01 |l 0 |o M-5-51 |p 16605 |r 2016-12-01 00:00:00 |w 2016-12-01 |y ARXIU | ||
| 999 | |c 46799 |d 46799 | ||